Quais são os 20 menores países do mundo? - Statistics

Estatísticas Gerais
  • Esse quiz foi jogado 120 vezes
  • A pontuação média é 12 de 20
Estatísticas das Respostas
Km² Países % Correto
0,49 Vaticano
99%
2,02 Mônaco
79%
61 San Marino
76%
21 Nauru
73%
160 Liechtenstein
70%
26 Tuvalu
66%
468 Andorra
65%
459 Palau
64%
616 Santa Lúcia
64%
261 São Cristóvão e Névis
60%
389 São Vicente e Granadinas
58%
430 Barbados
55%
316 Malta
53%
442 Antígua e Barbuda
51%
344 Granada
50%
181 Ilhas Marshall
50%
702 Micronésia
44%
728 Singapura
44%
298 Maldivas
29%
455 Seycheles
7%
Nenhum quiz correspondente encontrado
Distribuição das Pontuações
Porcentagem de Pessoas com Cada Pontuação
Percentil de Números Respondidos
Sua Pontuação Histórica
Você não jogou esse quiz